| 000 | 00550nam a2200217Ia 4500 | ||
|---|---|---|---|
| 008 | 180523s9999 xx 000 0 und d | ||
| 020 | _a81-7929-097-2 | ||
| 050 | _aMAIN HF 5415.1265 | ||
| 050 | _b.R69 2005 | ||
| 100 | _aRowson, Pauline. | ||
| 245 | 0 | _aEffective telemarketing / | |
| 245 | 0 | _cPauline Rowson. | |
| 260 | _aNew Delhi : | ||
| 260 | _bInfinity Books., | ||
| 260 | _c2005 | ||
| 300 | _a104 pages : | ||
| 300 | _c22 cm. | ||
| 440 | _aSimple step-by-step series | ||
| 650 | _aTelemarketing. | ||
| 650 | _xInternet marketing. | ||
| 999 |
_c357062 _d357062 |
||